[Event "AUTO-OPEN-4613"]
[Site "http://www.queenalice.com/game.php?id=1862625"]
[Date "2025.9.6"]
[Round "1"]
[White "attachui"]
[Black "harvir"]
[Result "1-0"]
[WhiteElo "2154"]
[BlackElo "1832"]

1. d4 d5 2. c4 e6 3. Nc3 Nf6 4. Nf3 c5 5. Bf4 cxd4 6. Nxd4 e5 7. Bxe5 dxc4 8. e3
Nbd7 9. Qa4 Qe7 10. f4 a6 11. Bxc4 Kd8 12. O-O-O Qb4 13. Bxf6+ gxf6 14. Bxf7 b5
15. Nc6+ Kc7 16. Qxb4 Bxb4 17. Nxb4 Nb6 18. Nbd5+ Nxd5 19. Nxd5+ Kb8 20. Ne7 1-0

[Event "Challenge"]
[Site "http://www.queenalice.com/game.php?id=1866740"]
[Date "2025.12.7"]
[Round "-"]
[White "jogo"]
[Black "attachui"]
[Result "1-0"]
[WhiteElo "1769"]
[BlackElo "2179"]

1. e4 c5 2. c3 d5 3. e5 Nc6 4. d4 Bf5 5. Nf3 e6 6. Bd3 Bxd3 7. Qxd3 Rc8 8. Ng5
cxd4 9. cxd4 Nxd4 10. Nc3 Bc5 11. Be3 Qb6 12. O-O h6 13. Nh3 Ne7 14. Na4 Qb4 15.
Nxc5 Rxc5 16. Bxd4 Rc4 17. Bc3 Qb6 18. b3 Re4 19. Kh1 O-O 20. Rfe1 Rh4 21. Qd2
Rd8 22. Ba5 Qc5 23. Bxd8 Rd4 24. Bxe7 1-0